| 000 | 01320cam a22003495i 4500 | ||
|---|---|---|---|
| 003 | EG-ScBUE | ||
| 005 | 20220515133736.0 | ||
| 008 | 140703t2012 enka f 000 0 eng d | ||
| 020 | _a9781111211752 | ||
| 040 |
_aEG-ScBUE _beng _erda _cEG-ScBUE _dEG-ScBUE |
||
| 082 | 0 | 4 |
_222 _a428.2 _bDEL |
| 100 | 1 |
_aDellar, Hugh, _eauthor. _936030 |
|
| 245 | 1 | 0 |
_aAdvanced outcomes : _bstudent's book / _cHugh Dellar and Andrew Walkley. |
| 264 | 1 |
_aHampshire, United Kingdom : _bCengage Learning EMEA, _c[2012] |
|
| 264 | 4 | _cc2012 | |
| 300 |
_a181 pages : _billustrations ; _c28 cm. |
||
| 336 |
_2rdacontent _atext _btxt |
||
| 337 |
_2rdamedia _aunmediated _bn |
||
| 338 |
_2rdacarrier _avolume _bnc |
||
| 490 | 1 | _aOutcomes : real english for the real world | |
| 500 | _aincludes : vocabulary builder by Sheila Dignen and Guy De Villiers. | ||
| 650 | 7 |
_aEnglish language _vSound recordings for foreign speakers. _936029 _2BUEsh |
|
| 650 | 7 |
_aEnglish language _xGrammar. _95501 _2BUEsh |
|
| 650 | 7 |
_aEnglish language _xSelf instruction. _919928 _2BUEsh |
|
| 650 | 7 |
_aEnglish language _xExaminations _vStudy guides. _92391 _2BUEsh |
|
| 650 | 7 |
_aVocabulary. _97763 _2BUEsh |
|
| 651 | _2BUEsh | ||
| 653 |
_cJuly2014 _bHHUUEENN |
||
| 655 |
_vReading book _934232 |
||
| 700 | 1 |
_aWalkley, Andrew, _eauthor. _936031 |
|
| 942 |
_2ddc _k428.2 DEL _cBB |
||
| 999 |
_c18339 _d18311 |
||